000 00537nam a2200193 a 4500
001 1771298607372
003 YourLibrary
005 20260217085517.0
008 260217s2004##################000#0#eng##
020 _a9780521540445
082 0 4 _a330.015195
_bZEL
100 1 _aZellner, Arnold,
_eauthor.
245 1 0 _aStatistics, Econometrics and Forecasting :
260 _bCambridge University Press,
_c2004.
300 _a186 pages
650 0 _aBusiness & Economics.
942 _cENGLISH
040 _aYourLibrary
_beng
_cYourLibrary
999 _c612975
_d612975